Skillet Songs 2 - Statistics

General Stats
  • This quiz has been taken 74 times
  • The average score is 4 of 8
Answer Stats
Hint Answer % Correct
I feel it deep within, It's just beneath the skin. Monster
95%
Despite the lies that you're making, Your love is mine for the taking. Whispers in the Dark
73%
I feel you keeping me alive, You are my salvation. Salvation
58%
I remember when we used to laugh, And now I wish those nights would last. Those Nights
58%
Sometimes I don't wanna be better, Sometimes I can't be put back together. Sometimes
50%
I'm in our secret place, Alone in your embrace. Forgiven
42%
In the darkness you shine, Can you keep me safe tonight. What I Believe
32%
This life can almost kill you, When you're trying to survive. It's Good to Be Alive
12%
No matching quizzes found
Score Distribution
Percent of People with Each Score
Percentile by Number Answered
Your Score History
You have not taken this quiz